000 00374nam a2200133 4500
005 20260530115256.0
100 1 _aYann Arthus-Bertrand y Hervé Le Bars
_930481
245 1 0 _a365 Dias por la Tierra• Fotografías
264 1 _bLunwergEditores
_c2001
300 _a734 páginas
336 _atexto
_2rdacontent
337 _asin medio
_2rdamedia
338 _avolumen
_2rdacarrier
999 _c12601
_d12601